Cities by Quality of Living Quiz Stats

Quiz not verified by Sporcle

Challenge
Share
Tweet
Embed
Score 0/50 Timer 05:00
0 Plays Today
Rank City % Correct
5Vancouver
76.7%
34Paris
72.2%
49New York
72.2%
25Oslo
71.1%
38London
71.1%
16Toronto
70%
33San Francisco
70%
45Lisbon
70%
22Montreal
68.9%
20Stockholm
68.9%
17Berlin
65.6%
48Madrid
64.4%
35Helsinki
63.3%
39Tokyo
63.3%
43Barcelona
63.3%
13Amsterdam
62.2%
10Sydney
61.1%
18Melbourne
60%
21Perth
60%
2Zurich
58.9%
11Copenhagen
58.9%
27Dublin
58.9%
1Vienna
57.8%
32Adelaide
55.6%
36Boston
55.6%
Rank City % Correct
8Munich
54.4%
4Auckland
53.3%
12Wellington
53.3%
3Geneva
52.2%
40Milan
52.2%
44Chicago
52.2%
50Seattle
52.2%
15Brussels
48.9%
28Calgary
46.7%
14Ottawa
45.6%
23Hamburg
44.4%
29Singapore
43.3%
47Washington DC
43.3%
7Frankfurt
41.1%
9Bern
41.1%
46Portland
40%
37Lyon
33.3%
31Honolulu
28.9%
6Dusseldorf
25.6%
41Kobe
25.6%
26Canberra
24.4%
42Yokohama
22.2%
19Luxembourg City
6.7%
24Nurnburg
3.3%
30Stuttgard
2.2%

You're not logged in!

Compare scores with friends on all Sporcle quizzes.
Join for Free
OR
Log In

You Might Also Like...

Show Comments

Extras

Top Quizzes Today


Score Distribution

Your Account Isn't Verified!

In order to create a playlist on Sporcle, you need to verify the email address you used during registration. Go to your Sporcle Settings to finish the process.

Report this User

Report this user for behavior that violates our Community Guidelines.

Details: